Ryde's scale (1996) (Record no. 90380)

MARC details
000 -LEADER
fixed length control field 01433cam a2200325 4500
001 - CONTROL NUMBER
control field M2151
008 - FIXED-LENGTH DATA ELEMENTS--GENERAL INFORMATION
fixed length control field 090401t1996 xxu||||| |||| 00| 0 eng d
035 ## - SYSTEM CONTROL NUMBER
System control number (Sirsi) u36759
041 ## - LANGUAGE CODE
Language code of text/sound track or separate title eng
050 ## - LIBRARY OF CONGRESS CALL NUMBER
Classification number 711.14
-- 18
110 ## - MAIN ENTRY--CORPORATE NAME
Corporate name or jurisdiction name as entry element Valuation Office Agency
9 (RLIN) 3141
245 ## - TITLE STATEMENT
Title Ryde's scale (1996)
Remainder of title surveyors' fees for compulsory purchase work
260 ## - PUBLICATION, DISTRIBUTION, ETC.
Place of publication, distribution, etc. London
Name of publisher, distributor, etc. VOA
Date of publication, distribution, etc. 1996
300 ## - PHYSICAL DESCRIPTION
Extent 32p.
Dimensions 21cm.
505 ## - FORMATTED CONTENTS NOTE
Formatted contents note Scale for non-agricultural property
505 ## - FORMATTED CONTENTS NOTE
Formatted contents note Addition for leasehold interests
505 ## - FORMATTED CONTENTS NOTE
Formatted contents note Scale for agricultural property
505 ## - FORMATTED CONTENTS NOTE
Formatted contents note Scale for disturbance and for severance and injurious action (excluding agricultural property and properties occupied solely as private dwellings)
505 ## - FORMATTED CONTENTS NOTE
Formatted contents note Scale for disturbance and for severance and injurious action in relation to agricultural property and for compensation payable in wayleave, pipeline, sewerage and similar cases
505 ## - FORMATTED CONTENTS NOTE
Formatted contents note Scale for disturnance and for severance and injurious affection in relation to properties occupied solely as private dwellings
520 ## - SUMMARY, ETC.
Summary, etc. Withdrawn 18 July 2002. Supersedes 1991 edition (J249).
650 ## - SUBJECT ADDED ENTRY--TOPICAL TERM
Topical term or geographic name entry element COMPENSATION
650 ## - SUBJECT ADDED ENTRY--TOPICAL TERM
Topical term or geographic name entry element Compulsory purchase
9 (RLIN) 6228
650 ## - SUBJECT ADDED ENTRY--TOPICAL TERM
Topical term or geographic name entry element FEE SCALES
650 ## - SUBJECT ADDED ENTRY--TOPICAL TERM
Topical term or geographic name entry element PROFESSIONAL FEES
650 ## - SUBJECT ADDED ENTRY--TOPICAL TERM
Topical term or geographic name entry element RYDE'S SCALE
690 ## - LOCAL SUBJECT ADDED ENTRY--TOPICAL TERM (OCLC, RLIN)
Topical term or geographic name as entry element ENVIRONMENTAL AND LAND CONSULTANCY-PLANNING AND DEVELOPMENT-COMPULSORY PURCHASE AND COMPENSATION
942 ## - ADDED ENTRY ELEMENTS (KOHA)
Suppress in OPAC 0
948 ## - LOCAL PROCESSING INFORMATION (OCLC); SERIES PART DESIGNATOR (RLIN)
c (OCLC) 04/03/1997
Holdings
Withdrawn status Lost status Damaged status Not for loan Home library Current library Shelving location Date acquired Total Checkouts Full call number Barcode Date last seen Date last checked out Copy number Price effective from Koha item type Source of classification or shelving scheme
  Missing     London London Missing 14/09/1999 48 711.14 VAL 30053212 06/08/2019 10/04/2008 1 06/08/2019 Book  
        London London Books 23/04/2008   711.14 VAL 30051387 06/08/2019   2 06/08/2019 Reference material Dewey Decimal Classification
        London London Books 06/06/2011   711.14 VAL 30076912 06/08/2019   3 06/08/2019 Book Dewey Decimal Classification